| 000 | 00820nam a22002175i 4500 | ||
|---|---|---|---|
| 001 | 152309 | ||
| 003 | ES-MaACL | ||
| 005 | 20230906204631.0 | ||
| 008 | 051017q18621880fr | |||||||| ||fre d | ||
| 040 |
_aCAM _bspa _cCAM |
||
| 100 | 1 |
_aBoissière, Prudence. _9126042 |
|
| 245 | 1 | 0 |
_aDictionnaire analogique de la langue française _b: répertoire complet des mots par les idées et des idées par les mots / _cpar P. Boissière. |
| 250 | _a4e éd. | ||
| 260 |
_aParis : _bAug. Boyer et C., libraires-éditeurs, _c[s.a.] ( _fVe. P. Larousse et C.) |
||
| 300 |
_aXI, IV, 1439 p. ; _c27 cm. |
||
| 596 | _aLa 3ª ed. es de 1862. | ||
| 650 | 4 |
_aLengua francesa- _xDiccionarios analógicos. _9221846 |
|
| 700 | 1 |
_aBoyer, Auguste et C., _eed. _9126138 |
|
| 852 |
_aES-MaACL _jB-11289 _z-- Enc. hol. |
||
| 999 |
_c152309 _d152309 |
||